| 000 | 00418nam a2200157Ia 4500 | ||
|---|---|---|---|
| 008 | 240729s9999 xx 000 0 und d | ||
| 022 | _a2087-8575 | ||
| 245 | 0 | _aMicrobiology Indonesia | |
| 260 | _aIndonesia | ||
| 260 | _bIndonesian Society for Microbiology | ||
| 650 | _a Microbiology | ||
| 650 | _aScience | ||
| 856 | _uhttps://doaj.org/toc/3bd65cd5082c448780554147c5d49ec4 | ||
| 942 | _2ddc | ||
| 942 | _cDOAJEJ | ||
| 999 |
_c69308 _d69308 |
||
| 945 |
_a1 _bMadushi Gamage _c1 _dMadushi Gamage |
||